The Beatles - Their Number One Singles - Statistics

General Stats
  • This quiz has been taken 249 times
  • The average score is 14 of 21
Answer Stats
year weeks song % Correct
1965 3 Help!
85%
1964 7 I Wanna Hold Your Hand
84%
1970 2 Let It Be
83%
1968 9 Hey Jude
81%
1964 2 She Loves You
76%
1965 4 Yesterday
73%
1964 2 A Hard Day's Night
68%
1964 1 Love Me Do
67%
1967 1 Penny Lane
66%
1969 1 Something
66%
1967 1 All You Need is Love
62%
1969 1 Come Together
62%
1969 5 Get Back
62%
1966 2 Paperback Writer
61%
1970 2 The Long and Winding Road
61%
1964 5 Can't Buy Me Love
59%
1965 1 Ticket to Ride
54%
1965 2 Eight Days a Week
52%
1965 3 I Feel Fine
48%
1968 3 Hello, Goodbye
45%
1966 3 We Can Work It Out
42%
No matching quizzes found
Score Distribution
Percent of People with Each Score
Percentile by Number Answered
Your Score History
You have not taken this quiz